| 000 | 00663nam a2200169 4500 | ||
|---|---|---|---|
| 999 |
_c16241 _d16241 |
||
| 008 | 210819b ||||| |||| 00| 0 eng d | ||
| 022 | _a0732-8435 | ||
| 082 | _aDPer 657.05 C33 Apr - Sept 2016, v86 n4-9 | ||
| 100 |
_aBoyle, James F. _943539 |
||
| 245 |
_aGovernment contracted contingent fee auditors: _bdo conflicts of interest threaten the tax system's integrity/ _cJames F. Boyle and Charles A. Lenns. |
||
| 260 |
_aNew York: _bThe New York State Society of CPA, _c©2016. |
||
| 300 |
_av86 n4, pages 44-50: _billustration; _c28 cm. |
||
| 650 |
_aAuditing. _943540 |
||
| 650 |
_aTaxation. _943541 |
||
| 700 |
_aLenns, C. A. _eAuthor. _943542 |
||
| 942 |
_2ddc _cPER |
||